|
|
|
|
| LEADER |
00000nam a22000007a 4500 |
| 005 |
2012090606506.0 |
| 007 |
cr|||| |||| |
| 008 |
120906c200?9999pk |||| s|||| 0||| 1spa d |
| 035 |
|
|
|a 6552
|
| 040 |
|
|
|a vLex
|
| 090 |
|
|
|c 3386
|d 3386
|
| 245 |
0 |
0 |
|a Pakistan Law Reporter
|h [Recurso electrn̤ico]
|
| 256 |
|
|
|a Servicio en ln̕ea
|
| 260 |
|
|
|a Lake City :
|b Plus Media Solutions Private Limited,
|c 200? -
|
| 300 |
|
|
|a 1 recurso electrn̤ico
|
| 310 |
|
|
|a Irregular
|
| 506 |
1 |
|
|a Contenido disponible en los productos indicados
|d vLex Global
|d vLex Global (Academic Edition, excluding Law Schools)
|d vLex Global (U.S. Academic Edition, Law Schools)
|d vLex Global (U.S. Academic Edition, excluding Law Schools)
|d vLex Global (Academic Edition, Law Schools)
|
| 650 |
0 |
4 |
|a Jurisprudencia
|z Pakistan
|
| 740 |
0 |
|
|a vLex Libros (Servicio en ln̕ea)
|
| 856 |
4 |
0 |
|u http://vlex.com/source/pakistan-law-reporter-6552
|z Acceso restringido
|
| 942 |
|
|
|c REV
|
| 999 |
0 |
|
|a Jurisprudence
|